<?xml version="1.0" encoding="UTF-8"?><?xml-stylesheet type="text/xsl" href="static/style.xsl"?><OAI-PMH xmlns="http://www.openarchives.org/OAI/2.0/" xmlns:xsi="http://www.w3.org/2001/XMLSchema-instance" xsi:schemaLocation="http://www.openarchives.org/OAI/2.0/ http://www.openarchives.org/OAI/2.0/OAI-PMH.xsd"><responseDate>2026-06-07T19:59:12Z</responseDate><request verb="GetRecord" identifier="oai:docta.ucm.es:20.500.14352/96141" metadataPrefix="marc">https://docta.ucm.es/rest/oai/request</request><GetRecord><record><header><identifier>oai:docta.ucm.es:20.500.14352/96141</identifier><datestamp>2025-03-18T15:49:51Z</datestamp><setSpec>com_20.500.14352_14</setSpec><setSpec>col_20.500.14352_15</setSpec></header><metadata><record xmlns="http://www.loc.gov/MARC21/slim" xmlns:dcterms="http://purl.org/dc/terms/" xmlns:xsi="http://www.w3.org/2001/XMLSchema-instance" xmlns:doc="http://www.lyncode.com/xoai" xsi:schemaLocation="http://www.loc.gov/MARC21/slim http://www.loc.gov/standards/marcxml/schema/MARC21slim.xsd">
   <leader>00925njm 22002777a 4500</leader>
   <datafield ind2=" " ind1=" " tag="042">
      <subfield code="a">dc</subfield>
   </datafield>
   <datafield ind2=" " ind1=" " tag="720">
      <subfield code="a">Sánchez Rivera, Jesús Ángel</subfield>
      <subfield code="e">author</subfield>
   </datafield>
   <datafield ind2=" " ind1=" " tag="260">
      <subfield code="c">2017</subfield>
   </datafield>
   <datafield ind2=" " ind1=" " tag="520">
      <subfield code="a">Se presenta documentación inédita que permite conocer por primera vez cuándo se acometió la reforma de las dos portadas exteriores del monasterio de Santa Fe de Toledo –antaño perteneciente a las Comendadoras de Santiago y hoy incorporado al complejo del Museo de Santa Cruz‒ y saber quiénes intervinieron en la misma. Asimismo, se analizan ambas realizaciones (portadas de la iglesia y de la portería) en el contexto histórico-artístico de su tiempo, haciendo especial hincapié en la actividad de sus artífices. Entre ellos, destaca la participación de José Antonio Vinacer, escultor de origen tirolés que trabajó en el ámbito toledano del último cuarto del siglo XVIII</subfield>
   </datafield>
   <datafield ind1="8" ind2=" " tag="024">
      <subfield code="a">Sánchez-Rivera, J. Á. Artífices de la reforma exterior del monasterio toledano de Santa Fe a fines del siglo XVIII. Anuario del Departamento de Historia y Teoría del Arte, vol. 29 (2017-2018): 191-207.</subfield>
   </datafield>
   <datafield ind1="8" ind2=" " tag="024">
      <subfield code="a">1130-5517</subfield>
   </datafield>
   <datafield ind1="8" ind2=" " tag="024">
      <subfield code="a">10.15366/anuario2017-2018.29-30.08</subfield>
   </datafield>
   <datafield ind1="8" ind2=" " tag="024">
      <subfield code="a">https://hdl.handle.net/20.500.14352/96141</subfield>
   </datafield>
   <datafield ind1="8" ind2=" " tag="024">
      <subfield code="a">2530-3562</subfield>
   </datafield>
   <datafield ind1="8" ind2=" " tag="024">
      <subfield code="a">https://doi.org/10.15366/anuario2017-2018.29-30.08</subfield>
   </datafield>
   <datafield ind1="8" ind2=" " tag="024">
      <subfield code="a">https://repositorio.uam.es/handle/10486/687552?show=full</subfield>
   </datafield>
   <datafield ind1="8" ind2=" " tag="024">
      <subfield code="a">https://revistas.uam.es/anuario/article/view/anuario2017-2018.29-30.08</subfield>
   </datafield>
   <datafield ind1="8" ind2=" " tag="024">
      <subfield code="a">https://produccioncientifica.ucm.es/documentos/5d399a572999520684465a0c</subfield>
   </datafield>
   <datafield ind1="8" ind2=" " tag="024">
      <subfield code="a">http://dx.doi.org/10.13035/H.2020.08.02.13</subfield>
   </datafield>
   <datafield ind1="8" ind2=" " tag="024">
      <subfield code="a">https://dialnet.unirioja.es/servlet/articulo?codigo=6944777</subfield>
   </datafield>
   <datafield ind2="0" ind1="0" tag="245">
      <subfield code="a">Artífices de la reforma exterior del monasterio toledano de Santa Fe a fines del siglo XVIII</subfield>
   </datafield>
</record></metadata></record></GetRecord></OAI-PMH>